MDQL
is popping MORE tags! Check the
thread
!
Quizzes
Events
Quiz Creation
Community
Videos
Private Events
Remove Ads
Sign In
Join for FREE
Feedback
Dark Mode
Quiz Categories
Sports
Geography
Music
Movies
Television
Just For Fun
Miscellaneous
History
Literature
Language
Science
Gaming
Entertainment
Religion
Holiday
For Kids
Quiz Lab
Recent
Popular Today
Quiz Kudos Today
Editor Picks
Curator Picks
Quizzes by...
Day
Popularity
Type
Ratings
Length
Year
Community
Subscriptions
Recent Discussions
Orange Saloon
Badges
Playlists
Quests
Create
Leaderboards
Showdown
Live 5
Trivia Bingo
Activity
Puzzle Library
Sporcle Events
Private Events
Virtual Trivia
Globe League
Become a Host
Pub Owners
SporcleCon
Opinionation
Our Games
Videos
Blog
Mobile Apps
Partnerships
Remove Ads and Go Orange
Feedback
Sports
Athletes
MLB
NBA
NHL
NFL
Soccer
Sports Teams
WWE
NCAA
Football
Premier League
Basketball
Baseball
Hockey
Golf
Tennis
Cricket
Rugby
Auto Racing
Olympics
World Cup
Sports
Athletes
MLB
NBA
NHL
NFL
Soccer
Sports Teams
WWE
NCAA
Football
Premier League
Basketball
Baseball
Hockey
Golf
Tennis
Cricket
Rugby
Auto Racing
Olympics
World Cup
Random Quiz
Search Sporcle
×
Quiz Lab
Quiz Lab
Sports
PPV
Type in answers that appear in a list
Type in answers that appear in a list
Classic
Best Score? Go Orange.
PPV Opponents of Brian Pillman Stats
Can you name the PPV Opponents of Brian Pillman?
By
Arob
15m
48 Questions
311 Plays
311 Plays
311 Plays
Comments
Comments
Give Quiz Kudos
Give Quiz Kudos
-
- Ratings
hide this ad
Replay
Link that replays current quiz
Next Quiz
Link to next quiz in quiz playlist
You Got
0%
They Got
Avg Score
64%
Avg Friend Score
Upgrade to see
Score Distribution
Jump to the score distribution portion of the page
Score
0/48
Timer
15:00
0
Plays Today
PPV
Opponents
% Correct
WWF/
E In Your House: Canadian Stampede (with Bret Hart, Owen Hart, Jim Neidhart, & The British Bulldog)
Stone Cold Steve Austin
96.8%
WCW SuperBrawl IV (with Sting & Dustin Rhodes)
Steve Austin
96.8%
WCW WrestleWar 1991 (with Sting, Scott Steiner, & Rick Steiner)
Ric Flair
92.3%
WCW Beach Blast 1993 (with Steve Austin)
The Four Horsemen (Arn Anderson & Paul Roma)
89.1%
Sting
88.4%
WCW Halloween Havoc 1995 (with Arn Anderson)
Sting
88.4%
Ric Flair
86.8%
WWF/
E In Your House: Ground Zero
Goldust
86.5%
WWF/
E SummerSlam 1997
Goldust
86.5%
Goldust
86.5%
The Legion Of Doom
84.6%
WCW Slamboree 1993 (with Steve Austin)
Dos Hombres (Ricky Steamboat & Tom Zenk)
83.3%
WCW World War III 1995 (Eliminated By)
Road Warrior Hawk
83%
Barry Windham
82.3%
Barry Windham
82.3%
NWA/
WCW Halloween Havoc 1989
Lex Luger
82%
WCW SuperBrawl
Barry Windham
82%
WCW SuperBrawl II
Jushin Liger
81.4%
Ricky Steamboat
80.4%
WCW Halloween Havoc 1992
Ricky Steamboat
80.4%
Ricky Steamboat
80.4%
Ken Shamrock
73.3%
NWA/
WCW Capital Combat
The Midnight Express (Bobby Eaton & Stan Lane)
71.7%
NWA/
WCW The Great American Bash 1989 (Eliminated By)
Sid Vicious
71.1%
PPV
Opponents
% Correct
Sid Vicious
70.7%
WCW WrestleWar 1992
Tom Zenk
67.5%
WCW SuperBrawl VI (Strap Match)
Kevin Sullivan
66.9%
WCW Starrcade 1992 (with Barry Windham)
Shane Douglas
66.9%
Rick Rude
66.9%
WCW The Great American Bash 1991 (as Yellow Dog)
Johnny B. Badd
59.5%
WCW Fall Brawl 1995
Johnny B. Badd
56.9%
WCW Spring Stampede 1994
Steven Regal
54%
NWA/
WCW WrestleWar 1990 (with Tom Zenk)
The Fabulous Freebirds (Michael Hayes & Jimmy Garvin)
53.4%
WCW Beach Blast 1992
Scotty Flamingo
53.4%
Larry Zbyszko
52.4%
Paul Orndorff
50.8%
WCW Starrcade 1992 (with 2 Cold Scorpio)
The Great Muta
49.8%
WCW Halloween Havoc 1991
Richard Morton
47.9%
WCW SuperBrawl III (with Steve Austin)
Marcus Bagwell
47.9%
WCW The Great American Bash 1992 (with Jushin Liger)
Nikita Koloff
37.9%
WCW Starrcade 1991 (with Bobby Eaton)
Abdullah The Butcher
31.2%
WCW The Great American Bash 1995
Alex Wright
27%
NWA/
WCW The Great American Bash 1989
Bill Irwin
22.5%
Erik Watts
21.5%
NWA/
WCW The Great American Bash 1990
Buddy Landel
12.5%
WCW/
New Japan Supershow (with Tom Zenk & Tim Horner)
Takayuki Iizuka
10%
Shiro Koshinaka
8.7%
Kuniaki Kobayashi
7.4%
Quiz Playlist
Details
Report
Send in Message
Add To Playlist
Classic:
Type in answers that appear in a list
Last Updated: Feb 16, 2017
Quiz Scoreboard
CHALLENGE
Sign Up to Join the Scoreboard
Show All
Scores
Hide
Comments
May contain spoilers
Recently Published
Two Season TV Shows II
by 123Four
Television
10m
Image Sorting: Flags VI
by Barbecue
Geography
2m
Find the 'City' Movie
by crazypaving
Movies
60s
More to Explore
Quiz From the Vault
Featured Blog Post
14 Easter Pick-up Lines to Find Eggs With
hide this ad
You Might Also Like...
Tags
Brian
opponent
PPV
PPV Opponents
Today's Top Quizzes in Sports
Browse Sports
hide this ad
Today's Top Quizzes in PPV
Browse PPV
Top Contributed Quizzes in Sports
1
Les meilleurs buteurs des matchs entre le PSG et l’OM
2
Les entraîneurs de l'OM et du PSG au 21e siècle
3
2022 World Cup Stars
4
Les joueurs passés par le PSG et l'OM
5
Players with Multiple 50 Home Run Seasons
6
FIFA Club World Cup Champions
7
Criteria MLB: Left Handed Sluggers
8
Les joueurs passés par le LOSC et le RC Lens
9
Top 10 NHL Goal Scorers of All Time
10
NBA Logic Puzzle 2.0
Explore More
Trending Topics
Marvel
Kpop
Crossword
Disney
Harry Potter
Anime
NBA
NFL
The Office
Puzzle
Soccer
WWE
Pokémon
Song
Country
hide this ad
More By:
Arob
Quiz
Plays
Rating
Category
Featured
Created
PPV Opponents of Yokozuna
518
3.67
Sports
Dec 21, 2009
PPV Opponents of Hercules
446
4.33
Sports
Dec 21, 2009
PPV Opponents of Dino Bravo
427
3.00
Sports
Dec 22, 2009
PPV Opponents of Andre The Giant
375
5.00
Sports
Dec 22, 2009
PPV Opponents of Bad News Brown
337
5.00
Sports
Dec 23, 2009
Go to Creator's Profile
Score Distribution
Quiz Creator Spotlight
Arob
Follow
Send a Message
Quizzes Created
-
Created Quiz Play Count
-
More By This Creator
Popular Quizzes Today
1
Find the US States - No Outlines Minefield
2
Colored Red Africa Blitz
3
Find the 'City' Movie
4
5x2 Blitz: Bands
5
The Countries of the World
6
Find the Countries of Europe - No Outlines Minefield
7
Find the US States
8
US States
More Sports Quizzes
Ravel Morrison Teams By Shirt
Quiz Lab
Trending Quizzes
Colored Red Europe Blitz I
Colored Red Africa Blitz II
Colored Red Europe Blitz II
Colored Red Africa Blitz III
Even More Two Season TV Shows
Recently Updated
March Madness Men's Triple Doubles
pecheneg
How Do You Spell That?
pecheneg
Godzilla Movies
pecheneg
Grab Bag: 4-10 Letters
pecheneg
2024 March Madness Bracket
pecheneg
Famous TV Couples
Peacemaker
Champions League XIs: Real Madrid
pecheneg
Largest US Cities 1790-2010
pecheneg
Rides in Walt Disney World
pecheneg
Most Oscar Losses (Acting)
pecheneg
Trending Topics
Harry Potter
Marvel
Crossword
Disney
NBA
Kpop
Anime
Puzzle
NFL
Soccer
Pokémon
WWE
Country
The Office
Song
Your Account Isn't Verified!
In order to create a playlist on Sporcle, you need to verify the email address you used during registration. Go to your
Sporcle Settings
to finish the process.
Report this User
Report this user for behavior that violates our
Community Guidelines
.
Details:
Send Report
Go to the Sporcle.com Mobile Site →
Comments